00802nam a2200229 a 450000100060000000300090000600800410001502000150005604000280007108200320009910000690013124500490020025000060024926000350025530000090029059001360029965000320043565000460046765000300051394200120054399900170055520614CO-ViMGA141112s2004 ck r 000 u spa d a8448125541 aCO-ViMGAbspacCO-ViMGA04a510.83 S643 (NO DISPONIBLE)1 aSpiegel, Murray R.; Liu, Jhon; Abellanas Rapún, Lorenzo92985610aFórmulas y tablas de matemática aplicada a2 aMadrid : bMcGraw Hill, c2000 a366P aForma de adquisición : Compra fact.0541 - - Precio : 50000 - - Proveedor : Temas y Libros - - Fecha de adquisición : Abril 200614aFORMULAS MATEMATICAS92985714aMATEMATICAS - PROBLEMAS - EJEMPLOS92985814aTABLAS MATEMATICAS929859 2ddccBK c29607d29607